<?xml version="1.0" encoding="UTF-8"?>
<collection xmlns="http://www.loc.gov/MARC21/slim">
 <record>
  <leader>01535pam a22002538a 4500</leader>
  <controlfield tag="001">00025407</controlfield>
  <controlfield tag="005">20171026081023.0</controlfield>
  <controlfield tag="008">110804s2003                  ||||||engsd</controlfield>
  <datafield tag="020" ind1="#" ind2="#">
   <subfield code="a">1864686472</subfield>
  </datafield>
  <datafield tag="041" ind1="0" ind2="#">
   <subfield code="a">eng</subfield>
  </datafield>
  <datafield tag="082" ind1="1" ind2="4">
   <subfield code="a">346.94</subfield>
   <subfield code="b">A100U</subfield>
  </datafield>
  <datafield tag="100" ind1="1" ind2="#">
   <subfield code="a">Latimer, Paul</subfield>
  </datafield>
  <datafield tag="245" ind1="1" ind2="0">
   <subfield code="a">Australian business law</subfield>
   <subfield code="c">Paul Latimer</subfield>
  </datafield>
  <datafield tag="250" ind1="#" ind2="#">
   <subfield code="a">22th ed.</subfield>
  </datafield>
  <datafield tag="260" ind1="#" ind2="#">
   <subfield code="a">Australia</subfield>
   <subfield code="b">CCH Pub.</subfield>
   <subfield code="c">2003</subfield>
  </datafield>
  <datafield tag="300" ind1="#" ind2="#">
   <subfield code="a">1443 p.</subfield>
   <subfield code="c">25 cm.</subfield>
  </datafield>
  <datafield tag="650" ind1="#" ind2="4">
   <subfield code="a">Australian</subfield>
  </datafield>
  <datafield tag="650" ind1="#" ind2="4">
   <subfield code="a">Luật kinh doanh</subfield>
  </datafield>
  <datafield tag="852" ind1="#" ind2="#">
   <subfield code="b">Kho mượn</subfield>
   <subfield code="j">KM.0008932, KM.0008933, KM.0008934, KM.0008935, KM.0008936, KM.0008937, KM.0008938, KM.0008939, KM.0008940, KM.0008941, KM.0008942, KM.0008943, KM.0008944, KM.0008945, KM.0008946, KM.0008947, KM.0008948, KM.0008949, KM.0008950, KM.0008951, KM.0008952, KM.0008953, KM.0008954, KM.0008955, KM.0008956, KM.0008957, KM.0008958, KM.0008959, KM.0008960, KM.0008961, KM.0008962, KM.0008963, KM.0008964, KM.0008965, KM.0008966</subfield>
  </datafield>
  <datafield tag="852" ind1="#" ind2="#">
   <subfield code="b">Kho đọc</subfield>
   <subfield code="j">KD.0008058</subfield>
  </datafield>
  <datafield tag="852" ind1="#" ind2="#">
   <subfield code="j">KD.0008058</subfield>
   <subfield code="j">KM.0008933</subfield>
   <subfield code="j">KM.0008934</subfield>
   <subfield code="j">KM.0008936</subfield>
   <subfield code="j">KM.0008937</subfield>
   <subfield code="j">KM.0008939</subfield>
   <subfield code="j">KM.0008940</subfield>
   <subfield code="j">KM.0008942</subfield>
   <subfield code="j">KM.0008943</subfield>
   <subfield code="j">KM.0008945</subfield>
   <subfield code="j">KM.0008946</subfield>
   <subfield code="j">KM.0008949</subfield>
   <subfield code="j">KM.0008950</subfield>
   <subfield code="j">KM.0008951</subfield>
   <subfield code="j">KM.0008952</subfield>
   <subfield code="j">KM.0008954</subfield>
   <subfield code="j">KM.0008955</subfield>
   <subfield code="j">KM.0008957</subfield>
   <subfield code="j">KM.0008958</subfield>
   <subfield code="j">KM.0008959</subfield>
   <subfield code="j">KM.0008961</subfield>
   <subfield code="j">KM.0008962</subfield>
   <subfield code="j">KM.0008964</subfield>
   <subfield code="j">KM.0008965</subfield>
   <subfield code="j">KM.0008932</subfield>
   <subfield code="j">KM.0008935</subfield>
   <subfield code="j">KM.0008938</subfield>
   <subfield code="j">KM.0008941</subfield>
   <subfield code="j">KM.0008944</subfield>
   <subfield code="j">KM.0008947</subfield>
   <subfield code="j">KM.0008948</subfield>
   <subfield code="j">KM.0008953</subfield>
   <subfield code="j">KM.0008956</subfield>
   <subfield code="j">KM.0008960</subfield>
   <subfield code="j">KM.0008963</subfield>
   <subfield code="j">KM.0008966</subfield>
  </datafield>
  <datafield tag="910" ind1=" " ind2=" ">
   <subfield code="d">04/08/2011</subfield>
  </datafield>
  <datafield tag="980" ind1="#" ind2="#">
   <subfield code="a">Trung tâm Học liệu Lê Vũ Hùng, Trường Đại học Đồng Tháp</subfield>
  </datafield>
 </record>
</collection>
